[Event "Championnat de France - Accession"]
[Site "Aix-les-Bains"]
[Date "2007.??.??"]
[Round "11.15"]
[White "Alanic, Xavier"]
[Black "Guilleux, Fabien"]
[Result "1-0"]
[WhiteElo "2251"]
[BlackElo "2203"]
[PlyCount "129"]
[EventDate "2007.??.??"]

1. e4 c5 2. c4 e6 3. Nc3 d6 4. g3 b6 5. Bg2 Bb7 6. Nge2 Nf6 7. d4 cxd4 8. Nxd4
a6 9. O-O Qc7 10. Qe2 Nbd7 11. Bd2 Rc8 12. b3 Be7 13. g4 h6 14. Rac1 Ne5 15. h3
g5 16. f4 gxf4 17. Bxf4 Ng6 18. Bg3 Nd7 19. Nf3 h5 20. gxh5 Rxh5 21. Rf2 b5 22.
Nb1 Qa5 23. h4 bxc4 24. Rxc4 Rxc4 25. bxc4 Qb4 26. Nbd2 Ra5 27. Nb3 Ra4 28. h5
Ngf8 29. Nfd2 Rxa2 30. Qg4 Qc3 31. Qg8 Nf6 32. Qg7 N8h7 33. Qh8+ Kd7 34. Rf3
Qb4 35. Rd3 Qb6+ 36. Bf2 Qd8 37. Nc5+ Kc7 38. Qxd8+ Bxd8 39. Nxb7 Kxb7 40. e5+
Kc7 41. exf6 Nxf6 42. h6 Ra1+ 43. Nf1 Ra5 44. Rb3 Rh5 45. Rb7+ Kc8 46. Rxf7
Rxh6 47. Bb7+ Kb8 48. Bc6 Ba5 49. Ng3 Kc8 50. Kf1 Bd8 51. Ba7 Ba5 52. Be3 Rg6
53. Ne4 Nxe4 54. Bxe4 Rg4 55. Bb7+ Kd8 56. Bxa6 d5 57. c5 d4 58. Be2 Re4 59.
Bg5+ Ke8 60. Ra7 Re5 61. Bh5+ Kf8 62. Bh6+ Kg8 63. Bg6 Bd8 64. Ra8 Rd5 65. c6
1-0

[Event "Championnat de France - Accession"]
[Site "Aix-les-Bains"]
[Date "2007.??.??"]
[Round "11.21"]
[White "Tournier, Mathieu"]
[Black "Bissieres, Matthieu"]
[Result "1/2-1/2"]
[WhiteElo "2250"]
[BlackElo "2221"]
[PlyCount "51"]
[EventDate "2007.??.??"]

1. e4 d6 2. d4 Nf6 3. Nc3 e5 4. Nge2 Be7 5. h3 Nbd7 6. g4 h6 7. Bg2 c6 8. a4
Qc7 9. O-O Nf8 10. Be3 Ng6 11. f4 exf4 12. Nxf4 Nxf4 13. Bxf4 O-O 14. Kh1 Nh7
15. Bh2 Qa5 16. Ne2 h5 17. Ng3 hxg4 18. Nf5 Bxf5 19. Rxf5 Qb4 20. Ra3 g6 21.
Rf4 gxh3 22. Rxh3 Qxa4 23. Ra3 Qc4 24. Bf1 Qe6 25. Bh3 Qc4 26. Bf1 1/2-1/2

[Event "Championnat de France - Accession"]
[Site "Aix-les-Bains"]
[Date "2007.??.??"]
[Round "11.24"]
[White "Marie, Maxime"]
[Black "Heinis, Vincent"]
[Result "1/2-1/2"]
[WhiteElo "2226"]
[BlackElo "2199"]
[PlyCount "46"]
[EventDate "2007.??.??"]

1. a3 g6 2. g3 Bg7 3. Bg2 d6 4. d4 Nf6 5. Nf3 O-O 6. O-O Nc6 7. d5 Nb8 8. Re1
e5 9. e4 Nbd7 10. c4 a5 11. Nc3 Nc5 12. Qc2 a4 13. Be3 Nb3 14. Rad1 Bd7 15. c5
Ng4 16. cxd6 Nxe3 17. fxe3 cxd6 18. Nd2 Nxd2 19. Rxd2 b5 20. Qd3 Qb6 21. Na2
Rac8 22. Nb4 Bh6 23. Kh1 f5 1/2-1/2

[Event "Championnat de France - Accession"]
[Site "Aix-les-Bains"]
[Date "2007.??.??"]
[Round "11.32"]
[White "Houard, Yannick"]
[Black "Veron, Cyprien"]
[Result "1/2-1/2"]
[WhiteElo "2151"]
[BlackElo "2121"]
[PlyCount "31"]
[EventDate "2007.??.??"]

1. e4 e5 2. Nf3 Nc6 3. Bb5 Nf6 4. d3 d6 5. O-O g6 6. Re1 Bg7 7. d4 O-O 8. Bxc6
bxc6 9. dxe5 dxe5 10. Qxd8 Rxd8 11. Nc3 Ne8 12. b3 f6 13. Ba3 Bf8 14. Bxf8 Kxf8
15. h3 Ng7 16. Na4 1/2-1/2

[Event "Championnat de France - Accession"]
[Site "Aix-les-Bains"]
[Date "2007.??.??"]
[Round "11.35"]
[White "Drogou, Gerard"]
[Black "Lalau, Alexandre"]
[Result "1/2-1/2"]
[WhiteElo "2159"]
[BlackElo "2113"]
[PlyCount "31"]
[EventDate "2007.??.??"]

1. d4 d5 2. Nf3 Nf6 3. e3 c6 4. c4 a6 5. Nbd2 b5 6. b3 Bg4 7. h3 Bf5 8. g4 Be4
9. Nxe4 Nxe4 10. Bd3 e6 11. Qc2 Bb4+ 12. Kf1 f5 13. Rg1 O-O 14. gxf5 exf5 15.
cxd5 cxd5 16. a4 1/2-1/2